00933nam a2200229 a 4500001001000000003000500010005001700015008004100032010001100073011001100084040000900095100003500104245018000139260004100319500006000360502008900420650003200509650003800541650002700579650002700606856007000633000109409CHAP20220329144049.0140425s2013 mx sm |||||||spa d a105871 a106843 cCHAP1 aTejeda Reyes, Manuel Alejandro10aProgramas de manejo químico para el control de bactericera cockerelli (sulc) en el cultivo de papa en el Estado de Méxicoh[En línea]cpor Manuel Alejandro Tejeda Reyes. aChapingo, Méx. :bEl autor,c2013. aPara ver el contenido del material haga clic en la liga aTesis (MC. en Protección Vegetal) -- UACH. Departamento Parasitología Agrícola14aInsecticidasxAplicación.14aPapaxEnfermedades por bacterias.14aPapaxPlagasxControl.14aParatrioza cockerelli. aFinding aiduhttp://10.13.5.2/tesis/sist109409.pdfzTeclea aquí